MARC
| LEADER | 000000000a22000000004500 | ||
|---|---|---|---|
| 001 | 008152 | ||
| 041 | 0 | |a spa | |
| 082 | 0 | 4 | |a CR863.4 |b P122p |
| 100 | 1 | |a Pacheco, León, |d 1900-1980 | |
| 245 | 1 | 4 | |a Los pantanos del infierno : |b novela / |c León Pacheco. |
| 250 | |a 1. edición | ||
| 260 | 1 | |a San José, Costa Rica : |b Lehmann, |c 1974. | |
| 300 | |a 268 páginas | ||
| 650 | 4 | |a LITERATURA COSTARRICENSE | |
| 650 | 4 | |a NOVELA | |
| 999 | |c 13752 |d 13752 | ||
| 942 | |c BK |h CR863.4 P122p |2 z | ||
